| 000 | 00837nam a22002057a 4500 | ||
|---|---|---|---|
| 999 |
_c18677 _d18677 |
||
| 003 | AR-CdUCM | ||
| 008 | 190515b ||||| |||| 00| 0 spa d | ||
| 040 |
_aMUNICIPALIDAD PROVINCIAL DEL CUSCO _cBIBLIOTECA MUNICIPAL DEL CUSCO |
||
| 082 |
_a001.4 / _bG74 |
||
| 100 |
_aGortari, Eli de. _937415 |
||
| 245 | _aEl método dialéctico / | ||
| 260 |
_aMéxico : _bGrijalbo, _c1970. |
||
| 300 |
_a157 páginas ; _c19 cm. |
||
| 440 |
_aColección 70. _n93. _939409 |
||
| 505 | _aContenido : Método del discurso científico -- Síntesis dialéctica de inducción y deducción -- Propiedades dialécticas de la negación lógica -- Calculo lógico de las inferencias -- Desarrollo histórico del método científico ... | ||
| 650 |
_aCalculo lógico. _939410 |
||
| 650 |
_aMétodos. _920153 |
||
| 942 |
_2ddc _cLIBROS |
||
| 945 |
_arum _d2019-05-15 |
||